Statistiken für Länder bei einer FIFA-Weltmeisterschaft

Klicken Sie hier um das Quiz zu spielen!

Allgemein

  • Dieses Quiz wurde 430 mal gespielt
  • Das Durchschnittsergebnis liegt bei 14 aus 16

Antwortstatistiken

FrageKachelSelect% Korrekt
.BelgienJa
98%
.MongoleiNein
97%
.MexikoJa
96%
.ÖsterreichJa
96%
.PhilippinenNein
94%
.SüdafrikaJa
94%
.TürkeiJa
92%
.EcuadorJa
90%
.Saudi-ArabienJa
88%
.TunesienJa
88%
.IndienNein
84%
.IslandJa
83%
.Côte d'IvoireJa
82%
.KanadaJa
76%
.FinnlandNein
74%
.NeuseelandJa
74%

Verteilung der Resultate

Perzentil nach korrekt beantworteten Fragen

Anzahl Personen mit jedem Resultat

Ihre Resultats-Entwicklung

Sie haben dieses Quiz noch nicht gespielt